000 01220nam a22002657a 4500
005 20170124102935.0
010 _aA-354313
020 _c95.00
_a8170551358
035 _aA-354313
037 _bCen Lib/Ret
040 _aDPL
_bHN
082 _a821
_bइसअक
100 _aसक्सेना, निर्मला
_942466
245 _aइस अकाल वेला में :
_cसम्पादक सुरेश शर्मा
_bराजकमल काहुधारी कवितायेँ /
246 _aIs akaal vela mein : Rajkamal Chaudhary ki kavitayein /
_bsampadak Suresh Sharma
260 _aनई दिल्ली
_bवाणी प्रकाशन
_c1988
270 _bनई दिल्ली
_a4697/5, 21-ए, दरयागंज
_e110002
300 _a254पृ.
_c21सेमी(सजिल्द)
650 _aहिन्दी साहित्य
_946369
650 _aहिन्दी साहित्य -- कवितायेँ
_946370
650 _aHindi literature
_946371
650 _aHindi literature -- Poetry
_946372
700 _aशर्मा, सुरेश
_946373
942 _2ddc
_cHN
_h821
_mइसअक
999 _c112215
_d112215